Movies Quiz

Random Movies or Box Office Quiz

Highest Grossing Movies (2011) Quiz Stats

Quiz Updated Nov 3, 2017

Challenge
Share
Tweet
Score 0/30 Timer 08:00
1 Play Today
% Correct
Cars 2
96.2%
The Smurfs
94.3%
Captain America: The First Avenger
94.1%
Kung Fu Panda 2
93.6%
Thor
91.9%
The Hangover Part II
87.8%
Puss in Boots
87.5%
Transformers: Dark of the Moon
87%
The Twilight Saga: Breaking Dawn Part 1
86.7%
Harry Potter and the Deathly Hallows Part 2
86.1%
Fast Five
84.2%
Pirates of the Caribbean: On Stranger Tides
83.3%
Bridesmaids
81.6%
Mission: Impossible - Ghost Protocol
81.3%
Green Lantern
81.2%
% Correct
Sherlock Holmes: A Game of Shadows
79.7%
Bad Teacher
79.6%
Rio
79.5%
Alvin and the Chipmunks: Chipwrecked
78.5%
Rango
77.8%
The Help
76.9%
Rise of the Planet of the Apes
73.1%
The Girl with the Dragon Tattoo
71.4%
Horrible Bosses
65.8%
X-Men: First Class
63%
Paranormal Activity 3
60%
Cowboys & Aliens
51.5%
Hop
49.1%
Super 8
40.2%
Just Go With It
38.6%

You're not logged in!

Compare scores with friends on all Sporcle quizzes.
Sign Up with Email
OR
Log In

You Might Also Like...

Show Comments

Extras

Top Quizzes Today


Score Distribution

Your Account Isn't Verified!

In order to create a playlist on Sporcle, you need to verify the email address you used during registration. Go to your Sporcle Settings to finish the process.